| 000 | 01003cac a2200253 a 4500 | ||
|---|---|---|---|
| 003 | CO-PeBPM | ||
| 005 | 20250526100524.0 | ||
| 008 | 231129s1999||||ck ad|||||||||||| ||spa|| | ||
| 020 | _a8448110889 | ||
| 040 |
_aCO-PeBPM _bspa _cCO-PeBPM _erda |
||
| 041 | _aspa | ||
| 082 |
_a150.724 L579d _222 |
||
| 100 | 1 | 0 |
_aLeón, Orfelio G. _eautor |
| 245 | 1 | 0 |
_aDiseño de investigaciones _b: Introducción a la lógica de la investigación en psicología y educación _c/ Orfelio G. León, Ignacio Montero |
| 250 | _aSegunda edición | ||
| 260 |
_aMadrid España _b: McGraw-Hill _c, 1999 |
||
| 300 |
_axviii, 392 páginas _bilustraciones, gráficas en blanco y negro _c23,5 centímetros |
||
| 500 | _aIncluye índice | ||
| 504 | _aIncluye referencias bibliográficas al final del texto | ||
| 650 | 1 | 4 |
_aInvestigaciones _2LEMB |
| 700 | 1 | 4 |
_aMontero, Ignacio _ecoautor |
| 942 |
_2ddc _cBK |
||
| 999 |
_c9676 _d9676 |
||